| 000 | 00664nam a2200265Ia 4500 | ||
|---|---|---|---|
| 003 | OSt | ||
| 005 | 20221007101046.0 | ||
| 006 | a|||||r|||| 00| 0 | ||
| 007 | ta | ||
| 008 | 221006b |||||||| |||| 00| 0 eng d | ||
| 024 | _a5,759 | ||
| 037 | _cTextual | ||
| 040 |
_aLCO _cLCO _beng |
||
| 041 |
_2eng _aeng |
||
| 082 | _aZ3,181, J6 | ||
| 100 |
_aMACKINNON K W _9702544 |
||
| 245 | 0 | _aPalmer's company Preccdents. | |
| 250 | _a17 | ||
| 260 |
_aLondon _bStevens & Sons _c1956 |
||
| 300 | _a1291 | ||
| 490 | _vVol-1 | ||
| 650 |
_aCOMPANY PRECCDENT _9702545 |
||
| 942 |
_hZ3,181, J6 _cTEXL |
||
| 999 |
_c1175322 _d1175322 |
||